| 000 | 00468nam a22001697a 4500 | ||
|---|---|---|---|
| 003 | OSt | ||
| 005 | 20211012110429.0 | ||
| 008 | 211012b |||||||| |||| 00| 0 eng d | ||
| 020 | _a0-683-06259-X | ||
| 040 |
_aDDC _cHU |
||
| 082 |
_23RD _a612 _b7 |
||
| 100 |
_aJOHN BULLOCK _912741 |
||
| 245 | _aPHYSIOLOGY ; THE NATION MEDICAL SERIES FOR INDEPENDDENT STUDY | ||
| 250 | _a3RD | ||
| 260 |
_aPHILADELPHIA _bLIPPINCOTT WILLIAMS AND WILKINS _c1995 |
||
| 942 |
_2ddc _cBOOKS _n0 |
||
| 999 |
_c11818 _d11818 |
||